01225nam a22002537a 4500003000900000005001700009007000300026008004100029040002600070245002900096260008400125300004400209490003700253504002700290590002900317830004400346942001400390952010600404952011100510952011100621952011100732952011100843999001700954DO-SdBNP20211004151157.0ta211004b2016 dr abc|| |||| 00| 0 spa d aDO-SdBNPbspacBNPHU 00a¿Qué es el MERCOSUR?  aSanto Domingo : bMinisterio para Políticas de Integración Regional,c2016. a62 p. :bil., mapas, retrs. ; c23 cm. 1 aPopular. Educar para integrarv2 aBibliografía : p. 62 aInventariado, 2021 /LP  0aPopular. Educar para integrarn2980104 2ddccLBS1 00102ddc51708PDaBNPHUbPDcHDd2021-10-04eDonativol0p2021-27165r2021-10-04w2021-10-04yLFPD 00102ddc51708PDaBNPHUbPDcHDd2021-10-04eDonativol0p2021-27166r2021-10-04te.2w2021-10-04yLFPD 00102ddc56708DSaBNPHUbDOcHDd2021-10-04eDonativol0p2021-27167r2021-10-04te.3w2021-10-04yLFDS 00102ddc56708DSaBNPHUbDOcHDd2021-10-04eDonativol0p2021-27168r2021-10-04te.4w2021-10-04yLFDS 00102ddc56708DSaBNPHUbDOcHDd2021-10-04eDonativol0p2021-27170r2021-10-04te.5w2021-10-04yLFDS c50695d50695